| 000 | 01263nam a2200229Ia 4500 | ||
|---|---|---|---|
| 999 |
_c39234 _d39234 |
||
| 001 | 5820 | ||
| 003 | GE_BSU | ||
| 005 | 20190510184232.0 | ||
| 008 | 181216s1982||||ge |||||||||||||| ||geo|| | ||
| 040 | _cGE_BSU | ||
| 041 | _ageo | ||
| 080 | _a69(075.8) + 693.002.5 ს-24 | ||
| 245 |
_aსამშენებლო წარმოების ტექნოლოგია : _bსახელმძღვ. / _cე. ვარენიკი, ი. კაპიტანოვი და სხვ. ; ე. ვარენიკის საერთო რედაქციით ; მთარგმნ. ი. შენგელია ; ქართ. თარგმნ. რედ. ო. კაციტაძე. |
||
| 264 |
_aთბილისი : _bუნ-ტის გამ-ბა, _c1982. |
||
| 300 |
_a462 გვ. : _bილ. ; _c20 სმ. |
||
| 504 | _aბიბლიოგრ. : გვ.456-458. | ||
| 653 | _aსამშენებლო წარმოების ტექნოლოგია. | ||
| 700 |
_aვარენიკი, ე. _eავტორი _9998 |
||
| 700 |
_aკაპიტანოვი, ი. _eავტორი _9999 |
||
| 700 |
_aკაციტაძე. ო. _eრედაქტორი _9806 |
||
| 942 |
_cBK _2udc |
||